000 00946nam a2200265Ia 4500
005 20220125110016.0
008 210716s2018 xx 000 0 und d
020 _a9789350598481
040 _cAIMIT LIBRARY
041 _aeng
082 _a332.12
_23
_bDUTS
100 _aDutta, S K.
_914671
245 _aAccounting and finance for bankers :
_bfor JAIIB/diploma in banking and finance examination /
_cby S. K. Dutta...[et.al.].
250 _a[3rd ed.]
260 _aNew Delhi :
_bMac Millan Publishing Company ,
_c2018 .
260 _aMumbai:
_bIndian Institute of Banking and Finance ,
_c2018
300 _axii, 499p. ;
_c24 cm.
650 _aBusiness mathematics and finance
_914672
650 _aPrinciples of bookkeeping and accountancy
_914673
650 _aBanking operations
_914674
700 _aPrasad, P S R.
_914675
700 _aBhorkar, A D.
_914676
700 _aBargir, S D.
_914677
942 _2ddc
_cBK
_e3rd
_k332.12 DUTS
999 _c210685
_d210685